| 000 | 00535nam a22001937a 4500 | ||
|---|---|---|---|
| 003 | KOHA_MİRAKIL | ||
| 005 | 20251126142546.0 | ||
| 008 | 251126b tu ||||| |||| 00| 0 tur d | ||
| 020 | _a9786051859149 | ||
| 040 |
_aTR-AnABB _btur _cTR-AnABB |
||
| 041 | _atur | ||
| 082 |
_a813.42 _bAND 2023 |
||
| 100 | 1 | _aAnday, Melih Cevdet, | |
| 245 | 1 | 0 |
_aBarem kanunu / _cMelih Cevdet Anday |
| 260 |
_aİstanbul : _bEverest Yayınları, _c2023 |
||
| 300 |
_a64 sayfa ; _c20 cm |
||
| 650 | 0 | 4 | _aTürk edebiyatı, roman |
| 942 |
_2ddc _cBK |
||
| 999 |
_c9648 _d9648 |
||
| 900 | _bGizem YORULMAZ | ||